[Event "Belgrade-chTB Quality"]
[Site "Belgrade"]
[Date "2018.11.04"]
[Round "11.7"]
[White "Kostic, Zivojin"]
[Black "Protic, Dusan"]
[Result "0-1"]
[WhiteElo "1961"]
[BlackElo "2020"]
[PlyCount "64"]
[EventDate "2018.09.29"]
[EventType "team-tourn"]
[EventRounds "11"]
[EventCountry "SRB"]
[SourceTitle "EXT 2022"]
[Source "ChessBase"]
[SourceDate "2021.10.06"]
[SourceVersion "1"]
[SourceVersionDate "2021.10.06"]
[SourceQuality "1"]
[WhiteTeam "Belgrade Romanticari"]
[BlackTeam "Belgrade Borca"]
[WhiteTeamCountry "SRB"]
[BlackTeamCountry "SRB"]

1. d4 Nc6 2. d5 Ne5 3. e4 Ng6 4. Nf3 e5 5. h4 h5 6. Be2 c6 7. Nc3 Bc5 8. Na4 Bd6 9. c4 Nf6 10. c5 Bxc5 11. Nxc5 Qa5+ 12. Kf1 Qxc5 13. Be3 Qb4 14. Ng5 cxd5 15. exd5 Ng4 16. Bd2 Qxb2 17. Rb1 Qd4 18. Bxg4 hxg4 19. h5 Qxd5 20. Qe2 d6 21. Kg1 Ne7 22. Bb4 Nc6 23. Bc3 Bf5 24. Rxb7 Nd4 25. Qb2 Ne2+ 26. Kf1 Nxc3 27. Rb8+ Rxb8 28. Qxb8+ Ke7 29. Qc7+ Kf6 30. f4 Qd1+ 31. Kf2 Qd4+ 32. Kf1 Bd3+ 0-1

[Event "Belgrade-chTB Quality"]
[Site "Belgrade"]
[Date "2018.10.14"]
[Round "6.7"]
[White "Stojanovic, Mihailo"]
[Black "Kostic, Zivojin"]
[Result "1-0"]
[WhiteElo "1994"]
[BlackElo "1961"]
[PlyCount "57"]
[EventDate "2018.09.29"]
[EventType "team-tourn"]
[EventRounds "11"]
[EventCountry "SRB"]
[SourceTitle "CBM 187 Extra"]
[Source "ChessBase"]
[SourceDate "2018.11.04"]
[SourceVersion "1"]
[SourceVersionDate "2018.11.04"]
[SourceQuality "1"]
[WhiteTeam "Belgrade Turbina"]
[BlackTeam "Belgrade Romanticari"]
[WhiteTeamCountry "SRB"]
[BlackTeamCountry "SRB"]

1. e4 Nc6 2. d4 d5 3. exd5 Qxd5 4. Nf3 Bg4 5. Be2 0-0-0 6. Nc3 Qf5 7. Be3 e6 8. h3 Bxf3 9. Bxf3 Nge7 10. 0-0 h5 11. Ne4 h4 12. c4 Qg6 13. Qa4 Nf5 14. Nc5 Bxc5 15. dxc5 Nfd4 16. Bxc6 Nxc6 17. b4 Qe4 18. b5 Ne5 19. Rac1 f5 20. Qxa7 f4 21. c6 bxc6 22. b6 Kd7 23. Qxc7+ Ke8 24. Bc5 Nd7 25. Rfd1 Rh5 26. b7 Rg5 27. Qxd8+ Kf7 28. Qxg5 Nb8 29. Rd8 1-0

[Event "Belgrade-chTB Quality"]
[Site "Belgrade"]
[Date "2018.10.07"]
[Round "4.7"]
[White "Kostic, Zivojin"]
[Black "Milosavljevic, Nenad"]
[Result "1/2-1/2"]
[WhiteElo "1961"]
[BlackElo "1869"]
[PlyCount "77"]
[EventDate "2018.09.29"]
[EventType "team-tourn"]
[EventRounds "11"]
[EventCountry "SRB"]
[SourceTitle "CBM 187 Extra"]
[Source "ChessBase"]
[SourceDate "2018.11.04"]
[SourceVersion "1"]
[SourceVersionDate "2018.11.04"]
[SourceQuality "1"]
[WhiteTeam "Belgrade Romanticari"]
[BlackTeam "Belgrade Rakovica"]
[WhiteTeamCountry "SRB"]
[BlackTeamCountry "SRB"]

1. d4 Nf6 2. Nc3 e6 3. a3 d5 4. Bg5 h6 5. Bh4 Be7 6. Nf3 Nbd7 7. e3 a6 8. Bd3 c5 9. Ne5 Nxe5 10. dxe5 Nd7 11. Bg3 c4 12. Be2 Qc7 13. e4 d4 14. Qxd4 b5 15. f4 Bc5 16. Qd2 Qb6 17. Bf3 Bb7 18. Bf2 0-0-0 19. Qe2 f6 20. exf6 Nxf6 21. 0-0 g5 22. e5 Nd5 23. Nxd5 Bxd5 24. Bxd5 Rxd5 25. Rad1 gxf4 26. Rxd5 exd5 27. Qg4+ Kb8 28. Qxf4 Re8 29. Bxc5 Qxc5+ 30. Kh1 d4 31. e6+ Kc8 32. Qxh6 Qd6 33. Re1 d3 34. cxd3 cxd3 35. Qg6 Re7 36. Qe4 d2 37. Qa8+ Kc7 38. Qa7+ Kc8 39. Qa8+ 1/2-1/2